The time machine / (Record no. 3779)

MARC details
000 -LEADER
fixed length control field 00714nam a22002417a 4500
001 - CONTROL NUMBER
control field 3779
003 - CONTROL NUMBER IDENTIFIER
control field FISKH
005 - DATE AND TIME OF LATEST TRANSACTION
control field 20240507101713.0
008 - FIXED-LENGTH DATA ELEMENTS--GENERAL INFORMATION
fixed length control field 240507b cb ||||| |||| 00| 0 eng d
040 ## - CATALOGING SOURCE
Original cataloging agency FISK
Language of cataloging eng
Transcribing agency FISK
Modifying agency FISK
050 ## - LIBRARY OF CONGRESS CALL NUMBER
Classification number PR5774.T5
082 ## - DEWEY DECIMAL CLASSIFICATION NUMBER
Classification number 823.912
100 ## - MAIN ENTRY--PERSONAL NAME
Personal name Wells . H. G
Dates associated with a name 1866-1946
245 ## - TITLE STATEMENT
Title The time machine /
Statement of responsibility, etc. H. G. Wells
260 ## - PUBLICATION, DISTRIBUTION, ETC.
Place of publication, distribution, etc. New York :
Name of publisher, distributor, etc. Scholastic,
Date of publication, distribution, etc. 2012
300 ## - PHYSICAL DESCRIPTION
Extent 123 pages :
Dimensions 18 cm
505 ## - FORMATTED CONTENTS NOTE
Formatted contents note K
520 ## - SUMMARY, ETC.
Summary, etc. A time traveler voyages into the year 802701 to discover that the world is divided into two groups, the Morlocks and the Eloi.
521 8# - TARGET AUDIENCE NOTE
Target audience note estimates,
Source Lexile NP
700 ## - ADDED ENTRY--PERSONAL NAME
Personal name H. G. Wells
942 ## - ADDED ENTRY ELEMENTS (KOHA)
Source of classification or shelving scheme Dewey Decimal Classification
Koha item type Books
Suppress in OPAC No
Holdings
Withdrawn status Lost status Source of classification or shelving scheme Damaged status Not for loan Collection Home library Current library Shelving location Date acquired Total Checkouts Full call number Barcode Date last seen Copy number Price effective from Koha item type
    Dewey Decimal Classification     Fiction Footprints International School Library Network Toul Kork Campus Footprints International School Library Network Toul Kork Campus   05/07/2024   WEL PR5774.T5 823.912 2024-0576 05/07/2024 1 05/07/2024 Books
    Dewey Decimal Classification     Fiction Footprints International School Library Network Toul Kork Campus Footprints International School Library Network Toul Kork Campus   05/07/2024   WEL PR5774.T5 823.912 2024-0577 05/07/2024 2 05/07/2024 Books
    Dewey Decimal Classification     Fiction Footprints International School Library Network Toul Kork Campus Footprints International School Library Network Toul Kork Campus   05/07/2024   WEL PR5774.T5 823.912 2024-0578 05/07/2024 3 05/07/2024 Books
    Dewey Decimal Classification     Fiction Footprints International School Library Network Toul Kork Campus Footprints International School Library Network Toul Kork Campus   05/07/2024   WEL PR5774.T5 823.912 2024-0579 05/07/2024 4 05/07/2024 Books